Catálogo
 En Linea

Las mejores recetas de la cocina saludable. (Registro nro. 33639)

Detalles MARC
000 -CABECERA
campo de control de longitud fija 00283nam a2200109 a 4500
005 - FECHA Y HORA DE LA ÚLTIMA TRANSACCIÓN
campo de control 20200930070821.0
008 - DATOS DE LONGITUD FIJA--INFORMACIÓN GENERAL
campo de control de longitud fija 110926s2008 000 spa d
020 ## - NÚMERO INTERNACIONAL ESTÁNDAR DEL LIBRO
Número Internacional Estándar del Libro 9972209245
040 ## - FUENTE DE LA CATALOGACIÓN
Centro catalogador/agencia de origen DO-SdBNP
245 #4 - MENCIÓN DE TÍTULO
Título Las mejores recetas de la cocina saludable.
260 ## - PUBLICACIÓN, DISTRIBUCIÓN, ETC.
Lugar de publicación, distribución, etc. Barcelona,
Fecha de publicación, distribución, etc. 2008.

No hay ítems disponibles.

Con tecnología Koha